MDQL
is popping MORE tags! Check the
thread
!
Quizzes
Events
Quiz Creation
Community
Videos
Private Events
Remove Ads
Sign In
Join for FREE
Feedback
Dark Mode
Quiz Categories
Sports
Geography
Music
Movies
Television
Just For Fun
Miscellaneous
History
Literature
Language
Science
Gaming
Entertainment
Religion
Holiday
For Kids
Quiz Lab
Recent
Popular Today
Quiz Kudos Today
Editor Picks
Curator Picks
Quizzes by...
Day
Popularity
Type
Ratings
Length
Year
Community
Subscriptions
Recent Discussions
Orange Saloon
Badges
Playlists
Quests
Create
Leaderboards
Showdown
Live 5
Trivia Bingo
Activity
Puzzle Library
Sporcle Events
Private Events
Virtual Trivia
Globe League
Become a Host
Pub Owners
SporcleCon
Opinionation
Our Games
Videos
Blog
Mobile Apps
Partnerships
Remove Ads and Go Orange
Feedback
Language
Vocabulary
Begins and Ends
Definition
Spanish
French
German
Italian
Chinese
Latin
Translation
Japanese
Language
Vocabulary
Begins and Ends
Definition
Spanish
French
German
Italian
Chinese
Latin
Translation
Japanese
Random Quiz
Search Sporcle
×
Quiz Lab
Quiz Lab
Language
Word Ladder
Type in answers that appear in a list
Type in answers that appear in a list
Classic
Best Score? Go Orange.
Word Ladder: Insects Stats
Can you name the 4-letter words in this insect and arachnid-themed ladder?
By
sharon
3m
37 Questions
80 Plays
80 Plays
80 Plays
Comments
Comments
Give Quiz Kudos
Give Quiz Kudos
-
- Ratings
hide this ad
Replay
Link that replays current quiz
Next Quiz
Link to next quiz in quiz playlist
You Got
0%
They Got
Avg Score
60%
Avg Friend Score
Upgrade to see
Score Distribution
Jump to the score distribution portion of the page
Score
0/37
Timer
03:00
0
Plays Today
Hint
Answer
% Correct
Honey-
making insects
* BEES *
87.2%
A nighttine flying insect
* MOTH *
80.8%
A little arachnid that infests sheep and other mammals
* TICK *
79.5%
Payments (for services)
FEES
74.4%
Wagers
BETS
69.2%
A type of ant
* FIRE *
69.2%
With 'bug' or 'bird', a type of beetle
* LADY *
69.2%
A hill of sand
DUNE
67.9%
An organ for breathing
LUNG
67.9%
The two together
BOTH
66.7%
To pass the tongue over
LICK
66.7%
a type of beetle
* DUNG *
66.7%
A stinging insect which might make paper
* WASP *
66.7%
A tiny arachnid; anything very small
* MITE *
65.4%
Fathers
DADS
65.4%
Parasitic wingless insects
* LICE *
64.1%
One of the Little Women
BETH
61.5%
Shoe tie
LACE
61.5%
Boys
LADS
61.5%
Hint
Answer
% Correct
Some evergreens
FIRS
59%
Aykroyd, Brown, and Quayle
DANS
59%
Someone from Copenhagen
DANE
59%
To fasten hastily; a small, short nail
TACK
57.7%
Moon, in Paris
LUNE
57.7%
A Winter Olympics sport
LUGE
57.7%
To be without
LACK
56.4%
Exclamations of disgust or dislike
FIES
55.1%
Low-
cal
LITE
55.1%
A bog; to sink in mud; entangle
MIRE
53.8%
Hauls
LUGS
53.8%
To load
LADE
52.6%
Pests; annoys
BUGS
52.6%
Kiss
BUSS
43.6%
A type of fish
BASS
43.6%
To strike violently; a party
BASH
43.6%
A jumble or medley
HASH
24.4%
A clasp; a hinged metal strap
HASP
24.4%
Quiz Playlist
Details
Report
Send in Message
Add To Playlist
Classic:
Type in answers that appear in a list
Last Updated: Feb 16, 2017
Quiz Scoreboard
CHALLENGE
Sign Up to Join the Scoreboard
Show All
Scores
Hide
Comments
May contain spoilers
Recently Published
Find the 'City' Movie
by crazypaving
Movies
60s
5x2 Blitz: Bands
by SL_Kpop136
Music
30s
Colored Red Africa Blitz
by spor1
Geography
30s
More to Explore
Quiz From the Vault
Featured Blog Post
14 Easter Pick-up Lines to Find Eggs With
hide this ad
You Might Also Like...
Tags
Animal Quiz
Word Ladder Quiz
4-letter
insect
Today's Top Quizzes in Language
Browse Language
hide this ad
Today's Top Quizzes in Word Ladder
Browse Word Ladder
Top Contributed Quizzes in Language
1
Arabic Numerals
2
1-10 Letter F Words III
3
1-10 Letter G Words III
4
1-10 Letter H Words III
5
1-10 Letter I Words III
6
What Word Starts All?
7
1-10 Letter J Words III
8
1-10 Letter K Words III
9
1-10 Letter L Words III
10
1-10 Letter M Words III
Explore More
Trending Topics
Kpop
Harry Potter
NBA
Marvel
Anime
Crossword
Disney
Song
Pokémon
Soccer
Country
NFL
The Office
Puzzle
WWE
hide this ad
More By:
sharon
Quiz
Plays
Rating
Category
Featured
Created
Word Ladder: Spring Chore
28,962
4.32
Just For Fun
Apr 29, 2013
Bridges Around the World
215
4.67
Geography
Oct 8, 2009
Countries by Bridge Name
212
4.43
Geography
Oct 9, 2009
Cities in Song Titles
94
3.75
Music
Nov 8, 2013
Word Ladder: Insects
80
3.60
Language
Nov 2, 2014
Go to Creator's Profile
Score Distribution
Quiz Creator Spotlight
sharon
Follow
Send a Message
Quizzes Created
-
Created Quiz Play Count
-
More By This Creator
Popular Quizzes Today
1
Colored Red Africa Blitz
2
Find the 'City' Movie
3
Find the US States - No Outlines Minefield
4
5x2 Blitz: Bands
5
The Countries of the World
6
Find the US States
7
Find the Countries of Europe - No Outlines Minefield
8
US States
More Language Quizzes
1-10 Letter R Words
Published
Trending Quizzes
Colored Red Europe Blitz I
Colored Red Europe Blitz II
Colored Red Africa Blitz II
Colored Red Europe Blitz III
Colored Red Africa Blitz III
Recently Updated
How Do You Spell That?
pecheneg
Godzilla Movies
pecheneg
Grab Bag: 4-10 Letters
pecheneg
2024 March Madness Bracket
pecheneg
Famous TV Couples
Peacemaker
Champions League XIs: Real Madrid
pecheneg
Largest US Cities 1790-2010
pecheneg
Rides in Walt Disney World
pecheneg
Most Oscar Losses (Acting)
pecheneg
Beyoncé Albums
pecheneg
Trending Topics
NBA
Anime
Crossword
Marvel
Disney
Kpop
Harry Potter
NFL
Puzzle
The Office
Pokémon
WWE
Soccer
Country
Song
Your Account Isn't Verified!
In order to create a playlist on Sporcle, you need to verify the email address you used during registration. Go to your
Sporcle Settings
to finish the process.
Report this User
Report this user for behavior that violates our
Community Guidelines
.
Details:
Send Report
Go to the Sporcle.com Mobile Site →
Comments